Asomiya cutigaplar adhyayana (Record no. 3938)

MARC details
000 -LEADER
fixed length control field 00500cam a2200193ua 4500
001 - CONTROL NUMBER
control field 4119
005 - DATE AND TIME OF LATEST TRANSACTION
control field 20260515113803.0
008 - FIXED-LENGTH DATA ELEMENTS--GENERAL INFORMATION
fixed length control field 111219n ii |||gr||||Z||||||asm
040 ## - CATALOGING SOURCE
Transcribing agency MAIN
082 ## - DEWEY DECIMAL CLASSIFICATION NUMBER
Classification number 891.4513
100 ## - MAIN ENTRY--PERSONAL NAME
Personal name Baruah, Prahlad Kumar,
245 11 - TITLE STATEMENT
Title Asomiya cutigaplar adhyayana
Statement of responsibility, etc. by Prahlad Kumar Baruah
250 ## - EDITION STATEMENT
Edition statement 1st.
260 ## - PUBLICATION, DISTRIBUTION, ETC.
Place of publication, distribution, etc. Dibrugarh:
Name of publisher, distributor, etc. Banalata,995.
300 ## - PHYSICAL DESCRIPTION
Extent 623p:
Dimensions 23cm.
653 ## - INDEX TERM--UNCONTROLLED
Uncontrolled term Assamese short stories
653 ## - INDEX TERM--UNCONTROLLED
Uncontrolled term Asomiya cutigaplar adhyayana
942 ## - ADDED ENTRY ELEMENTS (KOHA)
Koha item type Books
Holdings
Withdrawn status Lost status Damaged status Not for loan Home library Current library Shelving location Date acquired Total checkouts Full call number Barcode Date last seen Date last checked out Copy number Price effective from Koha item type
        Naharkatiya College Library Naharkatiya College Library General stacks 09/19/2020 1 891.4513 | BAR 8043 09/20/2022 09/07/2022 1 09/19/2020 Books
        Naharkatiya College Library Naharkatiya College Library General stacks 09/19/2020 1 891.4513 | BAR 8044 05/11/2024 05/06/2024 4 09/19/2020 Books
        Naharkatiya College Library Naharkatiya College Library General stacks 09/19/2020 2 891.4513 | BAR 8045 12/07/2022 11/16/2022 3 09/19/2020 Books
        Naharkatiya College Library Naharkatiya College Library General stacks 09/19/2020 3 891.4513 | BAR 8046 02/17/2025 02/08/2025 2 09/19/2020 Books